000 00429nam a2200157Ia 4500
008 210716s2011 xx 000 0 und d
020 _a9788130917610
041 _aeng
082 _a658 RILP
100 _aRiley, Pippa.
245 _aManagement: communications and achieving results.
_bCommunications and achieving results.
250 _a1
260 _aNew Delhi
_bViva Books
_c2011
300 _a356
650 _aMANAGEMENT
999 _c207734
_d207734